[Event "Budapest-chT1 Lilienthal 1112"]
[Site "Budapest"]
[Date "2012.02.26"]
[Round "8"]
[White "Birinyi, Istvan"]
[Black "Borda, Lajos"]
[Result "0-1"]
[WhiteElo "2081"]
[BlackElo "2100"]
[PlyCount "66"]
[EventDate "2011.10.02"]
[EventType "team-tourn"]
[EventRounds "11"]
[EventCountry "HUN"]
[SourceTitle "EXT 2020"]
[Source "ChessBase"]
[SourceDate "2019.10.17"]
[SourceVersion "1"]
[SourceVersionDate "2019.10.17"]
[SourceQuality "1"]
[WhiteTeam "Budapest Honved III"]
[BlackTeam "Taban Spartacus II"]
[WhiteTeamCountry "HUN"]
[BlackTeamCountry "HUN"]

1. e4 c5 2. Nf3 a6 3. d4 cxd4 4. Nxd4 Nf6 5. Nc3 e5 6. Nb3 Bb4 7. Bd3 d5 8. exd5 Nxd5 9. Bd2 Nxc3 10. bxc3 Bd6 11. 0-0 0-0 12. Qh5 g6 13. Qf3 Re8 14. Rad1 e4 15. Bxe4 Qh4 16. Rfe1 Bg4 17. g3 Bxf3 18. gxh4 Bxd1 19. f3 Bxc2 20. Bxc2 Rxe1+ 21. Bxe1 Nc6 22. Be4 Re8 23. Bf2 Kg7 24. Nd4 Na5 25. h5 Be5 26. hxg6 hxg6 27. h4 Rc8 28. Be1 b5 29. Kf2 b4 30. f4 Bf6 31. Ke2 bxc3 32. Nc2 Nc4 33. Bf2 Re8 0-1

[Event "Budapest-chT1 Lilienthal 1112"]
[Site "Budapest"]
[Date "2012.01.15"]
[Round "6"]
[White "Bodi, Tibor"]
[Black "Birinyi, Istvan"]
[Result "1-0"]
[WhiteElo "2101"]
[BlackElo "2081"]
[PlyCount "91"]
[EventDate "2011.10.02"]
[EventType "team-tourn"]
[EventRounds "11"]
[EventCountry "HUN"]
[SourceTitle "EXT 2020"]
[Source "ChessBase"]
[SourceDate "2019.10.17"]
[SourceVersion "1"]
[SourceVersionDate "2019.10.17"]
[SourceQuality "1"]
[WhiteTeam "REAC SISE"]
[BlackTeam "Budapest Honved III"]
[WhiteTeamCountry "HUN"]
[BlackTeamCountry "HUN"]

1. d4 d5 2. c4 e6 3. Nc3 Nf6 4. Nf3 Nbd7 5. Bg5 c6 6. e3 Qa5 7. a3 Ne4 8. Qc2 Bb4 9. Rc1 Bxc3+ 10. bxc3 Nxg5 11. Nxg5 Qxa3 12. Bd3 h6 13. Nf3 Qe7 14. 0-0 0-0 15. cxd5 exd5 16. c4 Nf6 17. Ne5 Be6 18. c5 Nd7 19. Nxd7 Bxd7 20. Qb3 Rfb8 21. Ra1 Qg5 22. Rfb1 Bf5 23. Bxf5 Qxf5 24. Rb2 b5 25. Ra6 Qd7 26. Qb4 Rb7 27. Rba2 Re8 28. h3 Qc7 29. Qb1 g6 30. Qd1 Kg7 31. Qa1 Re7 32. g3 f5 33. R2a3 g5 34. Qd1 Kg6 35. Qf3 Qd7 36. Kg2 h5 37. Ra1 Rf7 38. Re1 Rf6 39. h4 gxh4 40. Rh1 Qf7 41. Rxh4 Kg5 42. Ra1 Re7 43. Qf4+ Kg6 44. Rxh5 Kg7 45. Rah1 Qg6 46. Rg5 1-0

[Event "Budapest-chT1 Lilienthal 1011"]
[Site "Budapest"]
[Date "2010.12.12"]
[Round "6"]
[White "Kertesz, Zsolt"]
[Black "Birinyi, Istvan"]
[Result "1/2-1/2"]
[WhiteElo "2058"]
[BlackElo "2087"]
[PlyCount "30"]
[EventDate "2010.09.19"]
[EventType "team-tourn"]
[EventRounds "11"]
[EventCountry "HUN"]
[SourceTitle "EXT 2020"]
[Source "ChessBase"]
[SourceDate "2019.10.17"]
[SourceVersion "1"]
[SourceVersionDate "2019.10.17"]
[SourceQuality "1"]
[WhiteTeam "Fabulon"]
[BlackTeam "Budapest Honved III"]
[WhiteTeamCountry "HUN"]
[BlackTeamCountry "HUN"]

1. e4 e5 2. Nf3 Nc6 3. Bb5 a6 4. Ba4 Nf6 5. 0-0 Be7 6. Re1 b5 7. Bb3 d6 8. h3 Na5 9. d3 h6 10. Nbd2 0-0 11. Nf1 Nxb3 12. axb3 Re8 13. Ng3 Bf8 14. c3 c5 15. Be3 Qe7 1/2-1/2

[Event "HUN-chT2 Erkel 0809"]
[Site "Hungary"]
[Date "2009.02.08"]
[Round "7.5"]
[White "Birinyi, Istvan"]
[Black "Sandor, Jozsef"]
[Result "1/2-1/2"]
[WhiteElo "2074"]
[BlackElo "2126"]
[PlyCount "40"]
[EventDate "2008.10.26"]
[EventType "team-tourn"]
[EventRounds "11"]
[EventCountry "HUN"]
[SourceTitle "EXT 2010"]
[Source "ChessBase"]
[SourceDate "2010.11.25"]
[SourceVersion "1"]
[SourceVersionDate "2010.11.25"]
[SourceQuality "1"]
[WhiteTeam "HASE II"]
[BlackTeam "MAFC"]
[WhiteTeamCountry "HUN"]
[BlackTeamCountry "HUN"]

1. e4 d6 2. d4 Nf6 3. Nc3 e5 4. dxe5 dxe5 5. Qxd8+ Kxd8 6. Bc4 Be6 7. Bxe6 fxe6 8. Nf3 Nbd7 9. Ng5 Ke7 10. Be3 h6 11. Nf3 Kf7 12. a3 a6 13. 0-0-0 Bd6 14. h3 b5 15. Rd3 Rhb8 16. g4 Ng8 17. g5 h5 18. Rg1 g6 19. Rgd1 Ne7 20. Nd2 Nb6 1/2-1/2

[Event "HUN-chT2 Maroczy 0607"]
[Site "Hungary"]
[Date "2007.03.25"]
[Round "7"]
[White "Birinyi, Istvan"]
[Black "Csirik, Andras"]
[Result "0-1"]
[WhiteElo "2085"]
[BlackElo "2051"]
[PlyCount "62"]
[EventDate "2006.11.12"]
[EventType "team"]
[EventRounds "11"]
[EventCountry "HUN"]
[SourceTitle "EXT 2008"]
[Source "ChessBase"]
[SourceDate "2007.11.25"]
[SourceVersion "1"]
[SourceVersionDate "2007.11.25"]
[SourceQuality "1"]
[WhiteTeam "Vizugy"]
[BlackTeam "Maroczy"]
[WhiteTeamCountry "HUN"]
[BlackTeamCountry "HUN"]

1. e4 c5 2. Nf3 Nc6 3. d4 cxd4 4. Nxd4 Nf6 5. Nc3 e5 6. Nb3 Bb4 7. Bd3 d5 8. exd5 Nxd5 9. Bd2 Bxc3 10. bxc3 0-0 11. 0-0 f5 12. Bc4 Kh8 13. Qf3 Nb6 14. Bb5 Bd7 15. Rad1 a6 16. Be3 axb5 17. Bxb6 Qxb6 18. Rxd7 Rxa2 19. Qg3 Rg8 20. Qg5 Rxc2 21. Ra1 Qxf2+ 22. Kh1 Re2 23. h4 h6 24. Qg6 Qxh4+ 25. Kg1 Ne7 26. Rxe7 Re1+ 27. Rxe1 Qxe1+ 28. Kh2 Qh4+ 29. Kg1 Qxe7 30. Qxf5 Rf8 31. Qe4 Qf7 0-1

[Event "HUN-chT2 Maroczy 0506"]
[Site "Hungary"]
[Date "2006.01.22"]
[Round "6"]
[White "Hetenyi, Geza"]
[Black "Birinyi, Istvan"]
[Result "1/2-1/2"]
[WhiteElo "2225"]
[BlackElo "2108"]
[PlyCount "141"]
[EventDate "2005.10.16"]
[EventType "team"]
[EventRounds "11"]
[EventCountry "HUN"]
[SourceTitle "EXT 2009"]
[Source "ChessBase"]
[SourceDate "2008.11.26"]
[SourceVersion "1"]
[SourceVersionDate "2008.11.26"]
[SourceQuality "1"]
[WhiteTeam "Dunaharaszti"]
[BlackTeam "Vizugy"]
[WhiteTeamCountry "HUN"]
[BlackTeamCountry "HUN"]

1. Nf3 d5 2. g3 Nf6 3. Bg2 c6 4. 0-0 h6 5. d3 Bf5 6. c3 Nbd7 7. Nbd2 e5 8. Re1 Bc5 9. d4 exd4 10. Nxd4 Bg6 11. e4 0-0 12. e5 Ne4 13. Nxe4 dxe4 14. e6 Nf6 15. exf7+ Rxf7 16. Be3 Nd5 17. Nxc6 Nxe3 18. Qxd8+ Rxd8 19. Nxd8 Nxg2 20. Nxf7 Nxe1 21. Nxh6+ gxh6 22. Rxe1 Kf8 23. b4 Be7 24. f4 exf3 25. Kf2 Bf6 26. Re3 Bh5 27. h3 Bd8 28. g4 Bf7 29. Rxf3 Bb6+ 30. Ke2 Ke7 31. a3 h5 32. Kd3 h4 33. c4 Bg6+ 34. Kc3 Ke6 35. Rf8 Bc7 36. c5 Be5+ 37. Kc4 a6 38. b5 axb5+ 39. Kxb5 Bc7 40. Kc4 Ke7 41. Rh8 Bg3 42. Kb5 Be4 43. Rh6 Kd7 44. g5 Bc6+ 45. Kc4 Ke7 46. a4 Bf4 47. Rh7+ Ke6 48. g6 Bg3 49. a5 Bd5+ 50. Kb5 Kf6 51. g7 Bg8 52. Rh8 Kxg7 53. Rh5 Kg6 54. Rh8 Bd5 55. Kb6 Be1 56. Rd8 Be4 57. Re8 Kf5 58. a6 bxa6 59. c6 Bf2+ 60. Kxa6 Bg3 61. Kb6 Bg2 62. c7 Bxc7+ 63. Kxc7 Bxh3 64. Kd6 Bg2 65. Rf8+ Kg4 66. Rg8+ Kf3 67. Ke5 h3 68. Rh8 Kg3 69. Rg8+ Kf2 70. Rh8 Kg1 71. Kf4 1/2-1/2

[Event "HUN-chT2 Maroczy 0506"]
[Site "Hungary"]
[Date "2005.11.27"]
[Round "4"]
[White "Dobai, Szabolcs"]
[Black "Birinyi, Istvan"]
[Result "1-0"]
[WhiteElo "2119"]
[BlackElo "2108"]
[PlyCount "147"]
[EventDate "2005.10.16"]
[EventType "team"]
[EventRounds "11"]
[EventCountry "HUN"]
[SourceTitle "EXT 2009"]
[Source "ChessBase"]
[SourceDate "2008.11.26"]
[SourceVersion "1"]
[SourceVersionDate "2008.11.26"]
[SourceQuality "1"]
[WhiteTeam "Miskolc EMSE"]
[BlackTeam "Vizugy"]
[WhiteTeamCountry "HUN"]
[BlackTeamCountry "HUN"]

1. Nf3 d5 2. c4 e6 3. g3 Nf6 4. Bg2 Nbd7 5. 0-0 c6 6. b3 Be7 7. Bb2 0-0 8. d4 Ne4 9. Nfd2 f5 10. f3 Nd6 11. c5 Nf7 12. f4 b6 13. b4 Ba6 14. Nc3 Rb8 15. Qc2 bxc5 16. bxc5 g5 17. Rfb1 Qc7 18. e3 Nf6 19. Bc1 Ne4 20. Nb3 Nh6 21. Bd2 Nxd2 22. Qxd2 Ng4 23. Nd1 Nf6 24. Qa5 Qc8 25. Nd2 Bd8 26. Qa3 Rxb1 27. Rxb1 Ne4 28. Nf3 gxf4 29. exf4 Rf7 30. Ne3 Bb5 31. Nc2 Qa6 32. Qxa6 Bxa6 33. Bf1 Bxf1 34. Kxf1 Ba5 35. Ne5 Rc7 36. Rb8+ Kg7 37. Nb4 Bxb4 38. Rxb4 Nc3 39. a3 Nb5 40. Nxc6 Nxa3 41. Ra4 Nb5 42. Ra5 Rxc6 43. Rxb5 Ra6 44. Rb7+ Kg6 45. Ke2 h5 46. Kd3 h4 47. gxh4 Kh5 48. Rg7 Kxh4 49. Kc3 Ra4 50. Rg6 a5 51. Rxe6 Kg4 52. Rd6 Rc4+ 53. Kd3 a4 54. Rxd5 a3 55. Re5 Ra4 56. Re1 Kxf4 57. c6 a2 58. c7 Ra3+ 59. Kc2 Ra8 60. d5 Rc8 61. d6 a1Q 62. Rxa1 Ke5 63. Ra8 Rxa8 64. d7 Ra2+ 65. Kb3 Rxh2 66. c8Q Rh3+ 67. Kb4 Rh4+ 68. Kb5 Rd4 69. Qh8+ Ke4 70. Qxd4+ Kxd4 71. d8Q+ Ke3 72. Kc4 f4 73. Qd4+ Kf3 74. Kd3 1-0

[Event "HUN-chT2 Breyer 0506"]
[Site "Hungary"]
[Date "2005.11.13"]
[Round "3"]
[White "Birinyi, Istvan"]
[Black "Hardicsay, Peter"]
[Result "0-1"]
[WhiteElo "2108"]
[BlackElo "2316"]
[PlyCount "66"]
[EventDate "2005.10.16"]
[EventType "team"]
[EventRounds "11"]
[EventCountry "HUN"]
[SourceTitle "EXT 2009"]
[Source "ChessBase"]
[SourceDate "2008.11.26"]
[SourceVersion "1"]
[SourceVersionDate "2008.11.26"]
[SourceQuality "1"]
[WhiteTeam "Vizugy II"]
[BlackTeam "Balatonfuered"]
[WhiteTeamCountry "HUN"]
[BlackTeamCountry "HUN"]

1. e4 c5 2. Nf3 Nc6 3. d4 cxd4 4. Nxd4 Nf6 5. Nc3 e5 6. Ndb5 d6 7. Nd5 Nxd5 8. exd5 Nb8 9. c4 Be7 10. Bd3 a6 11. Nc3 0-0 12. 0-0 f5 13. f3 Nd7 14. Be3 b6 15. b4 Kh8 16. Qc2 Bg5 17. f4 exf4 18. Bxf4 Bxf4 19. Rxf4 g6 20. Raf1 Ne5 21. h3 Qe7 22. Na4 Rb8 23. Qe2 Bd7 24. Nc3 g5 25. R4f2 f4 26. c5 bxc5 27. bxc5 dxc5 28. Re1 Rbe8 29. Bxa6 c4 30. Ne4 Nd3 31. d6 Qg7 32. Bxc4 Nxe1 33. Qxe1 Qd4 0-1

[Event "HUN-chT2 Breyer 0506"]
[Site "Hungary"]
[Date "2005.10.16"]
[Round "1"]
[White "Birinyi, Istvan"]
[Black "Horvath, Csaba2222"]
[Result "0-1"]
[WhiteElo "2108"]
[BlackElo "2191"]
[PlyCount "52"]
[EventDate "2005.10.16"]
[EventType "team"]
[EventRounds "11"]
[EventCountry "HUN"]
[SourceTitle "EXT 2009"]
[Source "ChessBase"]
[SourceDate "2008.11.26"]
[SourceVersion "1"]
[SourceVersionDate "2008.11.26"]
[SourceQuality "1"]
[WhiteTeam "Vizugy II"]
[BlackTeam "Geniusz Tata"]
[WhiteTeamCountry "HUN"]
[BlackTeamCountry "HUN"]

1. e4 c5 2. Nf3 Nc6 3. d4 cxd4 4. Nxd4 Nf6 5. Nc3 e5 6. Nb3 Bb4 7. Bd3 d5 8. exd5 Nxd5 9. Bd2 Nxc3 10. bxc3 Be7 11. 0-0 0-0 12. Re1 a5 13. a4 Be6 14. Bb5 Bd6 15. Be3 Qe7 16. Qf3 f5 17. Rad1 e4 18. Qe2 Bxb3 19. cxb3 Ne5 20. Bf4 Nf3+ 21. gxf3 Bxf4 22. fxe4 Qh4 23. f3 fxe4 24. fxe4 Rf6 25. Rf1 Bxh2+ 26. Qxh2 Rg6+ 0-1

[Event "HUN-chT2 Maroczy 0405"]
[Site "Hungary"]
[Date "2005.02.20"]
[Round "8"]
[White "Birinyi, Istvan"]
[Black "Acs, Gabor"]
[Result "0-1"]
[WhiteElo "2124"]
[BlackElo "2222"]
[PlyCount "30"]
[EventDate "2004.09.26"]
[EventType "team"]
[EventRounds "11"]
[EventCountry "HUN"]
[SourceTitle "EXT 2008"]
[Source "ChessBase"]
[SourceDate "2007.11.25"]
[SourceVersion "1"]
[SourceVersionDate "2007.11.25"]
[SourceQuality "1"]
[WhiteTeam "Vizugy"]
[BlackTeam "Miskolc EMSE"]
[WhiteTeamCountry "HUN"]
[BlackTeamCountry "HUN"]

1. e4 d5 2. exd5 Nf6 3. Nc3 Nxd5 4. Nxd5 Qxd5 5. d4 Bf5 6. Nf3 Nc6 7. c4 Qe4+ 8. Be3 e5 9. a3 exd4 10. Ng5 Qe7 11. Nxf7 Qxf7 12. Bf4 0-0-0 13. Be2 d3 14. Bf3 Qe6+ 15. Be3 d2+ 0-1

[Event "HUN-chT2 Maroczy 0405"]
[Site "Hungary"]
[Date "2004.11.21"]
[Round "3"]
[White "Papp, Gellert"]
[Black "Birinyi, Istvan"]
[Result "1-0"]
[WhiteElo "2381"]
[BlackElo "2124"]
[PlyCount "65"]
[EventDate "2004.09.26"]
[EventType "team"]
[EventRounds "11"]
[EventCountry "HUN"]
[SourceTitle "EXT 2008"]
[Source "ChessBase"]
[SourceDate "2007.11.25"]
[SourceVersion "1"]
[SourceVersionDate "2007.11.25"]
[SourceQuality "1"]
[WhiteTeam "Lang"]
[BlackTeam "Vizugy"]
[WhiteTeamCountry "HUN"]
[BlackTeamCountry "HUN"]

1. e4 e5 2. Nf3 Nc6 3. Bc4 Nf6 4. d4 exd4 5. e5 d5 6. Bb5 Ne4 7. Nxd4 Bd7 8. Bxc6 bxc6 9. 0-0 Bc5 10. Be3 Bb6 11. f3 Ng5 12. f4 Ne4 13. Nd2 c5 14. N4b3 c4 15. Bxb6 cxb3 16. Nxe4 dxe4 17. Bc5 Bb5 18. axb3 Bxf1 19. Qxf1 Qd5 20. b4 Qb7 21. Qc4 h5 22. e6 f6 23. Rd1 Rd8 24. Rxd8+ Kxd8 25. Qd4+ Kc8 26. Qd7+ Kb8 27. e7 Qc8 28. Qb5+ Ka8 29. Qa4 a6 30. b5 Re8 31. Qxe4+ Qb7 32. Qc6 Qxc6 33. bxc6 1-0

[Event "HUN-chT2 Breyer 0304"]
[Site "Hungary"]
[Date "2004.03.21"]
[Round "9"]
[White "Birinyi, Istvan"]
[Black "Piroska, Istvan"]
[Result "1-0"]
[WhiteElo "2063"]
[BlackElo "2215"]
[PlyCount "61"]
[EventDate "2003.09.28"]
[EventType "team"]
[EventRounds "11"]
[EventCountry "HUN"]
[SourceTitle "EXT 2009"]
[Source "ChessBase"]
[SourceDate "2008.11.26"]
[SourceVersion "1"]
[SourceVersionDate "2008.11.26"]
[SourceQuality "1"]
[WhiteTeam "Vizugy II"]
[BlackTeam "Karpati"]
[WhiteTeamCountry "HUN"]
[BlackTeamCountry "HUN"]

1. e4 d6 2. d4 Nf6 3. Nc3 g6 4. Nf3 Bg7 5. h3 0-0 6. Be3 c6 7. Bd3 Nbd7 8. 0-0 e5 9. dxe5 dxe5 10. Qd2 Qc7 11. Rad1 Nh5 12. Bc4 Nf4 13. Ne2 b5 14. Bb3 Nxe2+ 15. Qxe2 a5 16. a4 Ba6 17. axb5 cxb5 18. Qd2 Nf6 19. Rfe1 Rad8 20. Qe2 Nxe4 21. Rxd8 Rxd8 22. Bh6 Bxh6 23. Qxe4 Bb7 24. Qxe5 Qc6 25. Bxf7+ Kxf7 26. Qe7+ Kg8 27. Qxd8+ Bf8 28. Re8 Qc5 29. Ng5 Qb4 30. c3 Qf4 31. Ne6 1-0

[Event "HUN-chT2 Breyer 0304"]
[Site "Hungary"]
[Date "2003.11.30"]
[Round "4"]
[White "Birinyi, Istvan"]
[Black "Paal, Attila"]
[Result "1/2-1/2"]
[WhiteElo "2063"]
[BlackElo "2159"]
[PlyCount "73"]
[EventDate "2003.09.28"]
[EventType "team"]
[EventRounds "11"]
[EventCountry "HUN"]
[SourceTitle "EXT 2009"]
[Source "ChessBase"]
[SourceDate "2008.11.26"]
[SourceVersion "1"]
[SourceVersionDate "2008.11.26"]
[SourceQuality "1"]
[WhiteTeam "Vizugy II"]
[BlackTeam "Vasutepito"]
[WhiteTeamCountry "HUN"]
[BlackTeamCountry "HUN"]

1. e4 Nf6 2. e5 Nd5 3. c4 Nb6 4. d4 d6 5. f4 dxe5 6. fxe5 c5 7. d5 e6 8. Nf3 exd5 9. Bg5 Qd7 10. cxd5 Qxd5 11. Nc3 Qxd1+ 12. Rxd1 Bd7 13. Nb5 Na6 14. Be2 Be7 15. 0-0 h6 16. Bxe7 Kxe7 17. Nd6 Nc7 18. Nxb7 Ncd5 19. Rc1 c4 20. Nd6 Ne3 21. Rfe1 Be6 22. Nd4 Bd5 23. Bf3 Bxf3 24. gxf3 Ned5 25. Nxc4 Nb4 26. Nxb6 axb6 27. Nc6+ Nxc6 28. Rxc6 Rxa2 29. Rxb6 Rd8 30. Re2 Rd5 31. Kf2 Raa5 32. f4 Ra4 33. Kf3 Rdd4 34. Rb7+ Kf8 35. Rb8+ Ke7 36. Rb7+ Kf8 37. Rb8+ 1/2-1/2

[Event "HUN-chT3 0102"]
[Site "Hungary"]
[Date "2002.03.24"]
[Round "9"]
[White "Blaho, Stefan"]
[Black "Birinyi, Istvan"]
[Result "1/2-1/2"]
[WhiteElo "2150"]
[BlackElo "2070"]
[PlyCount "145"]
[EventDate "2001.09.30"]
[EventType "team"]
[EventRounds "11"]
[EventCountry "HUN"]
[SourceTitle "EXT 2004"]
[Source "ChessBase"]
[SourceDate "2003.11.25"]
[SourceVersion "1"]
[SourceVersionDate "2003.11.25"]
[SourceQuality "1"]

1. d4 d5 2. c4 e6 3. Nc3 Nf6 4. Nf3 Nbd7 5. cxd5 exd5 6. Bg5 c6 7. e3 Qa5 8. Nd2 Bb4 9. Qb3 0-0 10. Bd3 Ne4 11. Bxe4 dxe4 12. Bf4 Nf6 13. a3 Bxc3 14. bxc3 Nd5 15. Bd6 Re8 16. c4 Qc3 17. Qxc3 Nxc3 18. a4 b5 19. axb5 cxb5 20. Bb4 Na4 21. cxb5 Nb6 22. 0-0 Bd7 23. Ra5 f5 24. Bc5 Reb8 25. Rb1 Nc8 26. Rb2 Be6 27. f3 Bd5 28. Rb4 Kf7 29. Kf2 g6 30. h4 h6 31. Rba4 Rb7 32. fxe4 fxe4 33. Kg3 g5 34. hxg5 hxg5 35. b6 Bc6 36. Ra1 Nxb6 37. Bxb6 Rxb6 38. Rxa7+ Rxa7 39. Rxa7+ Ke6 40. Ra5 Rb2 41. Re5+ Kf7 42. Nxe4 g4 43. Kxg4 Rxg2+ 44. Kf4 Rh2 45. Ng5+ Kf8 46. Nf3 Rf2 47. d5 Ba4 48. Kg3 Rf1 49. Nd4 Bd7 50. Ne2 Kf7 51. Nf4 Kf6 52. Rh5 Bf5 53. Rh8 Ke7 54. Kg2 Rd1 55. Kf3 Rf1+ 56. Ke2 Ra1 57. Rh6 Ra4 58. Ng6+ Kf7 59. Ne5+ Kg7 60. Rb6 Be4 61. d6 Ra2+ 62. Ke1 Ra1+ 63. Kd2 Ra5 64. Rb4 Rd5+ 65. Kc3 Bf5 66. d7 Bxd7 67. Nxd7 Rxd7 68. Rf4 Kg6 69. e4 Rf7 70. Rg4+ Kf6 71. Kd4 Rd7+ 72. Ke3 Rd1 73. Rg8 1/2-1/2